00438 2200169 4500001002100000005001500021035002000036007000300056008004100059020002200100082001200122084001800134100001600152245003200168260003100200300003700231INLIS00000000000031920260115012836 a0010-0126000012ta260115 0 ind  a978-623-522-819-8 a650.014 a650.014 WID k0 aWidaningsih1 aKomunikasi Bisnis Kelas XII aJakarta :bErlangga,c2025 aviii + 206 hlm. ;c17,5 x 25 cm.